Современные предприятия, международные объединения и организации на территории СССР: нормативные акты и комментарии

Podrobná bibliografie
Další autoři: Голубов Г. Д. (редактор)
Jazyk:ruština
Vydáno: Москва, Юридическая литература, 1988
Témata:
Médium: MixedMaterials Kniha
KOHA link:https://koha.lib.tpu.ru/cgi-bin/koha/opac-detail.pl?biblionumber=262212

MARC

LEADER 00000nam0a2200000 4500
001 262212
005 20231101233630.0
010 |a 5726000587 
035 |a (RuTPU)RU\TPU\book\285194 
090 |a 262212 
100 |a 20140530d1988 k y0rusy50 ca 
101 0 |a rus 
102 |a RU 
105 |a y n 001zy 
200 1 |a Современные предприятия, международные объединения и организации на территории СССР  |e нормативные акты и комментарии  |f под ред. Г. Д. Голубова 
210 |a Москва  |c Юридическая литература  |d 1988 
215 |a 544 с. 
320 |a Библиогр. в примеч. 
606 1 |a Гражданское право   |x Россия  |x СССР  |2 stltpush  |3 (RuTPU)RU\TPU\subj\8516  |9 35917 
606 1 |a Трудовое право международное  |2 stltpush  |3 (RuTPU)RU\TPU\subj\72852  |9 86239 
610 1 |a совместные предприятия 
610 1 |a международные объединения 
610 1 |a нормативные акты 
610 1 |a комментарии 
610 1 |a правовые вопросы 
610 1 |a хозяйственная деятельность 
610 1 |a труд 
610 1 |a споры 
686 |a Х623  |v LBC/SL-A  |2 rubbk 
686 |a Х93  |v LBC/SL-A  |2 rubbk 
702 1 |a Голубов  |b Г. Д.  |4 340 
801 1 |a RU  |b 63413507  |c 20140530 
801 2 |a RU  |b 63413507  |c 20150428  |g RCR 
942 |c BK